| 000 | 01309cam a2200325 4500 | ||
|---|---|---|---|
| 001 | 287920 | ||
| 003 | ARRUPE | ||
| 005 | 20150923082637.0 | ||
| 008 | 690815s1968 ne a b 101 0 eng | ||
| 010 | _a 68029768 | ||
| 015 | _aNe68-47 | ||
| 040 |
_aDLC _cDLC _dICU _dDLC |
||
| 050 | 0 | 0 |
_aQ174 _b.I535 1967 |
| 082 | 0 | 0 | _a501 |
| 100 |
_aRootselaar, B. van _919892 |
||
| 111 | 2 |
_aInternational Congress for Logic, Methodology, and Philosophy of Science _n(3rd : _d1967 : _cAmsterdam, Netherlands) _919893 |
|
| 245 | 1 | 0 |
_aLogic, methodology and philosophy of science III; _bproceedings of the Third International Congress for Logic, Methodology and Philosophy of Science, Amsterdam 1967; _cedited by B. Van Rootselaar and J. F. Staal. |
| 260 |
_aAmsterdam, _bNorth-Holland Pub. Co., _c1968. |
||
| 300 |
_axii, 553 p. _billus. _c23 cm. |
||
| 350 | _a80.00 | ||
| 440 | 0 |
_aStudies in logic and the foundations of mathematics _98089 |
|
| 504 | _aIncludes bibliographies. | ||
| 650 | 0 |
_aScience _xMethodology. _919894 |
|
| 650 | 0 |
_aScience _xPhilosophy. _919895 |
|
| 650 | 0 |
_aLogic, symbolic and mathematical _2congresses _919896 |
|
| 700 | 1 |
_aRootselaar, B. van _q(Bob), _eed. _919897 |
|
| 700 | 1 |
_aStaal, Frits. _919898 _eed. |
|
| 906 |
_a7 _bcbc _corignew _du _encip _f19 _gy-gencatlg |
||
| 942 |
_2lcc _cMONOGRAPH |
||
| 999 |
_c123416 _d123416 |
||